João e o arco-íris (Registo nº 2236)
[ vista simples ]
| 000 -Etiqueta do registo | |
|---|---|
| Cabeçalho | 00779nam a22002651 4500 |
| 005 - Identificador da versão | |
| Campo de controlo | 20240813121928.0 |
| 010 ## - Número internacional normalizado dos livros (ISBN) | |
| Número (ISBN) | 9727421482 |
| 021 ## - Número do Depósito Legal | |
| Código do país | PT |
| Número | 175939/02 |
| 100 ## - Dados gerais de processamento | |
| Dados gerais de processamento | 20031104d2001 c a0pory5003 ba |
| 102 ## - Pais de publicação ou produção | |
| País de publicação | Portugal |
| 101 0# - Língua de publicação | |
| Língua do texto, banda sonora, etc. | Português |
| 106 ## - Campo de dados codificados: material textual | |
| Dados codificados do material textual | r |
| 105 ## - Campo de dados codificados: livros | |
| Dados codificados dos livros | a z 000yy |
| 215 ## - Descrição física | |
| Indicação específica da natureza do documento e extensão da espécie | 20 p. |
| Outras indicações físicas | il. |
| Dimensões | 21 cm |
| 200 1# - Titulo e menção de responsabilidade | |
| Título próprio | João e o arco-íris |
| Primeira menção de responsabilidade | M. Lúcia Carvalhas |
| Outras menções de responsabilidade | il. Raquel Pinheiro |
| 210 ## - Publicação, Distribuição, etc. | |
| Lugar da edição, distribuição, etc. | Lisboa |
| Nome do editor, distribuidor, etc. | Dep. da Educação Básica do Ministério da Educação |
| Data da publicação, distribuição, etc. | 2001 |
| 606 ## - Nome comum usado como assunto | |
| Número de registo de entrada de autoridade | 0000029 |
| Palavra de ordem | Literatura portuguesa infantil |
| Subdivisão de assunto | Conto |
| 675 ## - Classificação Decimal Universal (CDU) | |
| Notação | 821.134.3-34 |
| Edição | 2ª |
| Língua da edição | por |
| 702 #1 - Nome de autor-pessoa física (responsabilidade secundária) | |
| Número de registo de entrada de autoridade | 0001059 |
| Palavra de ordem | Pinheiro |
| Outra parte do nome não tomada para palavra de ordem | Raquel |
| Código de função | Ilustrador / Técnico de desenho computorizado |
| 700 #1 - Nome de autor-pessoa física (responsabilidade principal) | |
| Número de registo de entrada de autoridade | 0001058 |
| Palavra de ordem | Carvalhas |
| Outra parte do nome não tomada para palavra de ordem | M. Lúcia |
| 942 ## - Elementos de entrada adicionados (Koha) | |
| Tipo de item no Koha | Livro |
| Situação do levantamento | Origin of item (home branch) (coded) | Biblioteca de empréstimo | Código de barras | Cota | Circulation type (not for loan) | Tipo de documento | Nota do exemplar | Damaged status |
|---|---|---|---|---|---|---|---|---|
| Biblioteca Escolar da Coca Maravilhas | Biblioteca Escolar da Coca Maravilhas | BECM6237/03 | 8POR CAR | Livro | Sem mensagem | |||
| Biblioteca Escolar da Coca Maravilhas | Biblioteca Escolar da Coca Maravilhas | BECM6240/03 | 8POR CAR | Livro | Sem mensagem |
